000 03278cam a22004214a 4500
001 16136845
003 ARRUPE
005 20140329020012.0
008 100315s2010 enk b 001 0 eng
010 _a 2010011242
015 _aGBB046083
_2bnb
016 7 _a015522256
_2Uk
020 _a9780521624282 (hc)
020 _a0521624282
020 _a9780521624794 (pbk.)
020 _a0521624797 (pbk.)
035 _a(OCoLC)ocn502097539
040 _aDLC
_cDLC
_dYDX
_dYDXCP
_dERASA
_dUKM
_dBWK
_dLAS
_dCDX
_dBWX
_dHEBIS
_dCOO
_dSTF
_dPUL
_dDLC
042 _apcc
050 0 0 _aB3245.F24
_bC35 2010
245 0 4 _aThe Cambridge companion to Frege /
_cedited by Michael Potter and Tom Ricketts.
260 _aCambridge ;
_aNew York :
_bCambridge University Press,
_c2010.
300 _axvii, 639 p. ;
_c24 cm.
490 0 _aCambridge companions to philosophy
504 _aIncludes bibliographical references and index.
505 0 0 _gIntroduction /
_rMichael Potter --
_tUnderstanding Frege's project /
_rJoan Weiner --
_tFrege's conception of logic /
_rWarren Goldfarb --
_tDummett's Frege /
_rPeter Sullivan --
_tWhat is a predicate? /
_rAlex Oliver --
_tConcepts, objects, and the context principle /
_rThomas Ricketts --
_tSense and reference /
_rMichael Kremer --
_tOn sense and reference: a critical reception /
_rWilliam Taschek --
_tFrege and semantics /
_rRichard Heck --
_tFrege's mathematical setting /
_rMark Wilson --
_tFrege and Hilbert /
_rMichael Hallett --
_tFrege's folly /
_rPeter Milne --
_tFrege and Russell /
_rPeter Hylton --
_tInheriting from Frege: the work of reception, as Wittgenstein did it /
_rCora Diamond.
520 _a"Gottlob Frege (1848-1925) was unquestionably one of the most important philosophers of all time. He trained as a mathematician, and his work in philosophy started as an attempt to provide an explanation of the truths of arithmetic, but in the course of this attempt he not only founded modern logic but also had to address fundamental questions in the philosophy of language and philosophical logic. Frege is generally seen (along with Russell and Wittgenstein) as one of the fathers of the analytic method, which dominated philosophy in English-speaking countries for most of the twentieth century. His work is studied today not just for its historical importance but also because many of his ideas are still seen as relevant to current debates in the philosophies of logic, language, mathematics and the mind. The Cambridge Companion to Frege provides a route into this lively area of research"--
600 1 0 _aFrege, Gottlob,
_d1848-1925.
_97738
700 1 _aRicketts, Tom.
_97739
700 1 _aPotter, Michael D.
_97740
856 4 2 _3Contributor biographical information
_uhttp://catdir.loc.gov/catdir/enhancements/fy1007/2010011242-b.html
856 4 2 _3Publisher description
_uhttp://catdir.loc.gov/catdir/enhancements/fy1007/2010011242-d.html
856 4 1 _3Table of contents only
_uhttp://catdir.loc.gov/catdir/enhancements/fy1007/2010011242-t.html
856 4 2 _3Cover image
_uhttp://assets.cambridge.org/97805216/24282/cover/9780521624282.jpg
906 _a7
_bcbc
_corignew
_d1
_eecip
_f20
_gy-gencatlg
942 _2lcc
_cMONOGRAPH
_01
999 _c119887
_d119887